|
|
|
|
| LEADER |
01972nam a2200445 i 4500 |
| 001 |
EBC1011047 |
| 003 |
MiAaPQ |
| 005 |
20200520144314.0 |
| 006 |
m o d | |
| 007 |
cr cnu|||||||| |
| 008 |
140822t20122012njua ob 001 0 eng d |
| 020 |
|
|
|z 9780691163567
|
| 020 |
|
|
|a 9781400852253
|q (electronic bk.)
|
| 035 |
|
|
|a (MiAaPQ)EBC1011047
|
| 035 |
|
|
|a (Au-PeEL)EBL1011047
|
| 035 |
|
|
|a (CaPaEBR)ebr10907680
|
| 035 |
|
|
|a (CaONFJC)MIL389124
|
| 035 |
|
|
|a (OCoLC)810257422
|
| 040 |
|
|
|a MiAaPQ
|b eng
|e rda
|e pn
|c MiAaPQ
|d MiAaPQ
|
| 043 |
|
|
|a d------
|
| 050 |
|
4 |
|a HC59.7
|b .L41863 2012
|
| 082 |
0 |
|
|a 338.9009172/4
|2 23
|
| 100 |
1 |
|
|a Lin, Justin Yifu,
|d 1952-
|e author.
|
| 245 |
1 |
4 |
|a The quest for prosperity :
|b how developing economies can take off /
|c with a new preface by the author, Justin Yifu Lin.
|
| 264 |
|
1 |
|a Princeton, New Jersey ;
|a Oxfordshire, England :
|b Princeton University Press,
|c 2012.
|
| 264 |
|
4 |
|c 2012
|
| 300 |
|
|
|a 1 online resource (355 pages) :
|b illustrations
|
| 336 |
|
|
|a text
|2 rdacontent
|
| 337 |
|
|
|a computer
|2 rdamedia
|
| 338 |
|
|
|a online resource
|2 rdacarrier
|
| 504 |
|
|
|a Includes bibliographical references and index.
|
| 588 |
|
|
|a Description based on print version record.
|
| 590 |
|
|
|a Electronic reproduction. Ann Arbor, MI : ProQuest, 2015. Available via World Wide Web. Access may be limited to ProQuest affiliated libraries.
|
| 651 |
|
0 |
|a Developing countries
|x Economic conditions.
|
| 651 |
|
0 |
|a Developing countries
|x Economic policy.
|
| 655 |
|
4 |
|a Electronic books.
|
| 700 |
1 |
|
|a Lin, Justin Yifu,
|e author of introduction, etc.
|
| 776 |
0 |
8 |
|i Print version:
|a Lin, Justin Yifu, 1952-
|t Quest for prosperity : how developing economies can take off.
|d Princeton, New Jersey ; Oxfordshire, England : Princeton University Press, c2014
|h xvii, 322 pages
|z 9780691163567
|w 2012016049
|
| 797 |
2 |
|
|a ProQuest (Firm)
|
| 856 |
4 |
0 |
|u https://ebookcentral.proquest.com/lib/matrademy/detail.action?docID=1011047
|z Click to View
|